| 000 | 00487nam a2200169Ia 4500 | ||
|---|---|---|---|
| 008 | 220216s9999 xx 000 0 und d | ||
| 100 | _aSaraswathyamma C.K. | ||
| 245 | 0 | _aRadiation induced male sterility in Hevea brasiliensis (Willd. ex Adr. de Juss.) Muell. Arg. | |
| 260 |
_bCytologia _c1990 |
||
| 300 | _a547-551 | ||
| 650 | _aInduced sterility | ||
| 650 | _aMale sterility | ||
| 700 | _aNamboodiri A.N. | ||
| 700 | _aPanikkar A.O.N. | ||
| 700 | _aSethuraj M.R. | ||
| 942 | _cBS | ||
| 999 |
_c49183 _d49183 |
||